00552nam a2200205 a 4500001001300000003000900013005001700022008004100039020001000080082001900090100001700109245002800126260004700154300000800201500003500209505002400244650003300268650002800301700001700329nice12345678IN_TiNIC20260116012741.0050524s1986 isla grp 000 0 eng  ac10000a297.72016bNAY aNayeem, Mohd aMuslim Military History aIslambadbIslamic Research Institutec1986 a88p aincludes index and biblioraphy2 aBibliography, Index aBibliography-Muslim Military aMuslim Military-History1 aNayeem, Mohd